[Event "FICGS class D 000252 email"]
[Site "FICGS email"]
[Date "2019.02.07"]
[Round "1"]
[White "Kohut, Gregory"]
[Black "Eser, Ipekyilmaz"]
[Result "1-0"]
[WhiteElo "1618"]
[BlackElo "1777"]
[PlyCount "115"]
[EventDate "2019.??.??"]
[EventType "tourn (corr)"]
[EventRounds "6"]
[SourceTitle "Corr 2022"]
[Source "ChessBase"]
[SourceDate "2021.10.24"]
[SourceVersion "1"]
[SourceVersionDate "2021.10.24"]
[SourceQuality "1"]

1. e4 g6 2. d4 d6 3. Nf3 Bg4 4. Bc4 e6 5. 0-0 d5 6. exd5 exd5 7. Re1+ Be7 8. Bb3 Qd6 9. h3 Bxf3 10. Qxf3 c6 11. Bf4 Qf6 12. c4 Nd7 13. cxd5 g5 14. dxc6 bxc6 15. Bh2 Qxf3 16. gxf3 Kf8 17. Nc3 Bb4 18. Rac1 Rc8 19. Red1 Bxc3 20. Rxc3 h6 21. Rdc1 Kg7 22. Rxc6 Ne7 23. Rxc8 Rxc8 24. Rxc8 Nxc8 25. Bc7 f6 26. f4 Ne7 27. Kg2 f5 28. fxg5 hxg5 29. f4 gxf4 30. Bxf4 Ng6 31. Bg5 Nf6 32. Bxf6+ Kxf6 33. Kg3 Kg5 34. d5 f4+ 35. Kf3 Nh4+ 36. Ke4 f3 37. Ke3 Kf6 38. Bd1 Nf5+ 39. Kxf3 a6 40. Kf4 a5 41. Bc2 Nd6 42. h4 Nc4 43. h5 Nxb2 44. d6 Nc4 45. d7 Ke7 46. h6 Nb6 47. h7 Nd5+ 48. Kg5 Kxd7 49. h8Q a4 50. Bxa4+ Kd6 51. Qd4 Ke6 52. Bb3 Kd6 53. Qxd5+ Kc7 54. Ba4 Kb6 55. Qc6+ Ka7 56. Bb3 Kb8 57. Bd5 Ka7 58. Qb7# 1-0

[Event "FICGS class D 000252 email"]
[Site "FICGS email"]
[Date "2019.02.07"]
[Round "1"]
[White "Kohut, Gregory"]
[Black "Haack, Stefan"]
[Result "1-0"]
[WhiteElo "1618"]
[BlackElo "1477"]
[PlyCount "29"]
[EventDate "2019.??.??"]
[EventType "tourn (corr)"]
[EventRounds "6"]
[SourceTitle "Corr 2022"]
[Source "ChessBase"]
[SourceDate "2021.10.24"]
[SourceVersion "1"]
[SourceVersionDate "2021.10.24"]
[SourceQuality "1"]

1. d4 Nf6 2. c4 c5 3. d5 e6 4. Nc3 exd5 5. cxd5 d6 6. e4 g6 7. Nf3 Bg4 8. Qa4+ Bd7 9. Qb3 b6 10. Bd3 Bg7 11. 0-0 0-0 12. h3 a6 13. Bf4 Qc7 14. a4 Nh5 15. Bh2 1-0

[Event "FICGS rapid D 000120 email"]
[Site "FICGS email"]
[Date "2018.12.02"]
[Round "1"]
[White "Kohut, Gregory"]
[Black "Klawitter, Bernd"]
[Result "1-0"]
[WhiteElo "1623"]
[BlackElo "1499"]
[PlyCount "71"]
[EventDate "2018.??.??"]
[EventType "tourn (rapid)"]
[EventRounds "5"]
[SourceTitle "Corr 2022"]
[Source "ChessBase"]
[SourceDate "2021.10.24"]
[SourceVersion "1"]
[SourceVersionDate "2021.10.24"]
[SourceQuality "1"]

1. e4 c6 2. d4 d5 3. Nc3 dxe4 4. Nxe4 Bf5 5. Ng3 Bg6 6. Nf3 Nd7 7. h4 h6 8. Bd3 Bxd3 9. Qxd3 Qc7 10. 0-0 e6 11. Re1 Ngf6 12. Bd2 Be7 13. c4 0-0 14. b4 Rfe8 15. a4 a6 16. Ne4 Nxe4 17. Qxe4 Nf6 18. Qd3 Rad8 19. Qc3 Bf8 20. a5 Qb8 21. g3 Qc8 22. Qc2 Ng4 23. Kg2 h5 24. Ng5 g6 25. f3 Nh6 26. Ne4 Kg7 27. Bxh6+ Kxh6 28. Nf6 Rxd4 29. Nxe8 Qxe8 30. Rad1 Qd8 31. Rxd4 Qxd4 32. Rd1 Qf6 33. c5 Bg7 34. Rd7 Qa1 35. Qd2+ Kh7 36. Rxf7 1-0

[Event "FICGS class E 000216 email"]
[Site "FICGS email"]
[Date "2018.11.15"]
[Round "1"]
[White "Kohut, Gregory"]
[Black "Dotti Contra, Alessandro"]
[Result "1/2-1/2"]
[WhiteElo "1623"]
[BlackElo "1326"]
[PlyCount "147"]
[EventDate "2018.??.??"]
[EventType "tourn (corr)"]
[EventRounds "5"]
[SourceTitle "Corr 2022"]
[Source "ChessBase"]
[SourceDate "2021.10.24"]
[SourceVersion "1"]
[SourceVersionDate "2021.10.24"]
[SourceQuality "1"]

1. e4 e5 2. Nf3 Nc6 3. Bb5 a6 4. Ba4 Nf6 5. 0-0 Be7 6. Bxc6 dxc6 7. Nc3 Bd6 8. d4 Bg4 9. dxe5 Bxf3 10. Qxf3 Bxe5 11. Bf4 Bxf4 12. Qxf4 0-0 13. Rad1 Qe7 14. Rfe1 Rad8 15. a3 b5 16. g3 h6 17. Kg2 g5 18. Qf5 Rxd1 19. Rxd1 Re8 20. f4 gxf4 21. gxf4 Qe6 22. Qxe6 fxe6 23. Kf3 Kf7 24. Rd2 Rg8 25. Nd1 c5 26. Ne3 Ke7 27. b3 a5 28. c4 b4 29. a4 Rg1 30. Rd1 Rg8 31. e5 Nd7 32. Ng4 Rg6 33. Nf2 Rg8 34. h4 h5 35. Ne4 Rg6 36. Ng3 Rh6 37. Rd2 Ke8 38. Rg2 Nf8 39. Ne4 Ng6 40. Rh2 Ne7 41. Nxc5 Nf5 42. Ke4 Ng3+ 43. Kd3 Nf5 44. Rh3 Rg6 45. Nb7 Rg7 46. Ke4 Rd7 47. Rd3 Rxd3 48. Kxd3 Nxh4 49. Nxa5 Ng2 50. Ke4 h4 51. Kf3 h3 52. f5 Ne3 53. Kg3 Nxf5+ 54. Kxh3 Nd4 55. c5 Nf3 56. Nc6 Ng5+ 57. Kg4 Ne4 58. Nxb4 Nxc5 59. a5 Kd7 60. Kg5 Nxb3 61. a6 Kc8 62. Kf6 c5 63. Kxe6 cxb4 64. Kd5 Nc5 65. Kxc5 b3 66. Kc6 Kb8 67. e6 b2 68. e7 b1Q 69. e8Q+ Ka7 70. Qe7+ Ka8 71. Qf8+ Ka7 72. Qc5+ Kb8 73. Qb6+ Qxb6+ 74. Kxb6 1/2-1/2

[Event "FICGS class E 000216 email"]
[Site "FICGS email"]
[Date "2018.11.15"]
[Round "1"]
[White "Kohut, Gregory"]
[Black "Hadden, John"]
[Result "1-0"]
[WhiteElo "1623"]
[BlackElo "1333"]
[PlyCount "39"]
[EventDate "2018.??.??"]
[EventType "tourn (corr)"]
[EventRounds "5"]
[SourceTitle "Corr 2022"]
[Source "ChessBase"]
[SourceDate "2021.10.24"]
[SourceVersion "1"]
[SourceVersionDate "2021.10.24"]
[SourceQuality "1"]

1. e4 e5 2. Nf3 Nc6 3. Bb5 a6 4. Ba4 b5 5. Bb3 Qe7 6. 0-0 Nf6 7. Re1 h6 8. d4 d6 9. Nc3 Bb7 10. Nd5 Nxd5 11. exd5 Nb4 12. dxe5 0-0-0 13. c3 Nxd5 14. Bxd5 Bxd5 15. Qxd5 dxe5 16. Qa8+ Kd7 17. Rd1+ Ke8 18. Qc6+ Rd7 19. Nxe5 Qxe5 20. Qxd7# 1-0

[Event "FICGS class E 000215 email"]
[Site "FICGS email"]
[Date "2018.10.28"]
[Round "1"]
[White "Kohut, Gregory"]
[Black "Niglio, Biagio"]
[Result "0-1"]
[WhiteElo "1503"]
[BlackElo "1305"]
[PlyCount "32"]
[EventDate "2018.??.??"]
[EventType "tourn (corr)"]
[EventRounds "5"]
[SourceTitle "Corr 2022"]
[Source "ChessBase"]
[SourceDate "2021.10.24"]
[SourceVersion "1"]
[SourceVersionDate "2021.10.24"]
[SourceQuality "1"]

1. d4 d5 2. c4 e5 3. dxe5 d4 4. Nf3 Nc6 5. a3 Bg4 6. Nbd2 Qe7 7. h3 Bh5 8. g4 Bg6 9. Bg2 0-0-0 10. 0-0 h5 11. g5 Nxe5 12. Qa4 Nc6 13. b4 Kb8 14. Re1 f6 15. Nb3 Qe6 16. Bb2 Qxc4 0-1

[Event "FICGS class E 000212 email"]
[Site "FICGS email"]
[Date "2018.07.29"]
[Round "1"]
[White "Simoni, Patucci"]
[Black "Kohut, Gregory"]
[Result "0-1"]
[WhiteElo "1282"]
[BlackElo "1572"]
[PlyCount "26"]
[EventDate "2018.??.??"]
[EventType "tourn (corr)"]
[EventRounds "5"]
[SourceTitle "Corr 2022"]
[Source "ChessBase"]
[SourceDate "2021.10.24"]
[SourceVersion "1"]
[SourceVersionDate "2021.10.24"]
[SourceQuality "1"]

1. e4 c5 2. a3 Nc6 3. b4 e5 4. b5 Nd4 5. c3 Ne6 6. Bc4 Nf6 7. d3 d5 8. exd5 Nxd5 9. Nf3 Nb6 10. Ba2 Qc7 11. a4 Be7 12. a5 Nd7 13. Bxe6 fxe6 0-1

[Event "FICGS class E 000212 email"]
[Site "FICGS email"]
[Date "2018.07.29"]
[Round "1"]
[White "Wood, Brian"]
[Black "Kohut, Gregory"]
[Result "0-1"]
[WhiteElo "1277"]
[BlackElo "1572"]
[PlyCount "40"]
[EventDate "2018.??.??"]
[EventType "tourn (corr)"]
[EventRounds "5"]
[SourceTitle "Corr 2022"]
[Source "ChessBase"]
[SourceDate "2021.10.24"]
[SourceVersion "1"]
[SourceVersionDate "2021.10.24"]
[SourceQuality "1"]

1. Nf3 c5 2. c4 Nf6 3. Nc3 Nc6 4. g3 e5 5. Bg2 d6 6. 0-0 Be7 7. d3 0-0 8. a3 h6 9. e4 Bg4 10. h3 Bd7 11. Be3 Nd4 12. Bxd4 cxd4 13. Nd5 Nxd5 14. cxd5 f5 15. exf5 Bxf5 16. Re1 Qd7 17. b4 Bxh3 18. Bxh3 Qxh3 19. Rc1 Rf5 20. Re4 Raf8 0-1

[Event "FICGS class E 000211 email"]
[Site "FICGS email"]
[Date "2018.06.30"]
[Round "1"]
[White "Kohut, Gregory"]
[Black "Csoma, Robert"]
[Result "1-0"]
[WhiteElo "1593"]
[BlackElo "1359"]
[PlyCount "37"]
[EventDate "2018.??.??"]
[EventType "tourn (corr)"]
[EventRounds "5"]
[SourceTitle "Corr 2022"]
[Source "ChessBase"]
[SourceDate "2021.10.24"]
[SourceVersion "1"]
[SourceVersionDate "2021.10.24"]
[SourceQuality "1"]

1. e4 d6 2. d4 Nf6 3. Nc3 g6 4. f4 Bg7 5. Nf3 0-0 6. e5 dxe5 7. fxe5 Nd5 8. Bc4 c6 9. 0-0 Bf5 10. Qe2 a6 11. a4 a5 12. h3 h5 13. Ng5 Qd7 14. g4 hxg4 15. hxg4 Bxg4 16. Qe4 Na6 17. Nxd5 cxd5 18. Bxd5 Nb4 19. Qxg6 1-0

[Event "FICGS class E 000211 email"]
[Site "FICGS email"]
[Date "2018.06.30"]
[Round "1"]
[White "Kohut, Gregory"]
[Black "Edwardson, Zachariah"]
[Result "0-1"]
[WhiteElo "1593"]
[BlackElo "1267"]
[PlyCount "32"]
[EventDate "2018.??.??"]
[EventType "tourn (corr)"]
[EventRounds "5"]
[SourceTitle "Corr 2022"]
[Source "ChessBase"]
[SourceDate "2021.10.24"]
[SourceVersion "1"]
[SourceVersionDate "2021.10.24"]
[SourceQuality "1"]

1. e4 e6 2. d4 d5 3. Nc3 dxe4 4. Nxe4 Nd7 5. Nf3 Ngf6 6. Bg5 h6 7. Nxf6+ Nxf6 8. Be3 Bd6 9. Bd3 b6 10. 0-0 Bb7 11. Qe2 0-0 12. Rad1 Ng4 13. h3 Nxe3 14. Qxe3 c5 15. Be4 Qc7 16. Rfe1 cxd4 0-1

[Event "FICGS class E 000211 email"]
[Site "FICGS email"]
[Date "2018.06.30"]
[Round "1"]
[White "Plunkett, Louis"]
[Black "Kohut, Gregory"]
[Result "0-1"]
[WhiteElo "1498"]
[BlackElo "1593"]
[PlyCount "116"]
[EventDate "2018.??.??"]
[EventType "tourn (corr)"]
[EventRounds "5"]
[SourceTitle "Corr 2022"]
[Source "ChessBase"]
[SourceDate "2021.10.24"]
[SourceVersion "1"]
[SourceVersionDate "2021.10.24"]
[SourceQuality "1"]

1. c4 e5 2. g3 Nc6 3. Bg2 Bc5 4. Nc3 Nf6 5. Nf3 d6 6. d3 0-0 7. 0-0 h6 8. a3 a6 9. b4 Ba7 10. Bb2 Bg4 11. h3 Be6 12. e3 Qd7 13. Kh2 e4 14. dxe4 Bxc4 15. Re1 Rfe8 16. Nh4 Ne5 17. Bf1 Bxf1 18. Rxf1 Nc4 19. Bc1 Nxe4 20. Nxe4 Rxe4 21. Qd5 Qc6 22. Qxc6 bxc6 23. Nf3 c5 24. Nd2 Nxd2 25. Bxd2 cxb4 26. axb4 Bb6 27. Rfb1 Re5 28. Bc3 Rb5 29. Rd1 c5 30. bxc5 dxc5 31. Kg2 a5 32. Rdb1 Rxb1 33. Rxb1 Bd8 34. Rb5 a4 35. Rxc5 a3 36. Be5 f6 37. Ba1 Kf7 38. Rc4 a2 39. Rc2 f5 40. h4 Bf6 41. Rc1 Ra7 42. Kf3 Rb7 43. Rc2 Ra7 44. Rc1 Bxa1 45. Rxa1 g5 46. hxg5 hxg5 47. Ke2 Ke6 48. Kd2 Ra3 49. Kc2 Ke5 50. Kd2 Ke4 51. f4 g4 52. Ke2 Rxe3+ 53. Kf2 Rf3+ 54. Kg2 Ra3 55. Kf2 Kd3 56. Rd1+ Kc2 57. Rh1 a1Q 58. Rxa1 Rxa1 0-1

[Event "FICGS class E 000210 email"]
[Site "FICGS email"]
[Date "2018.06.19"]
[Round "1"]
[White "Piantadosi, Angelo"]
[Black "Kohut, Gregory"]
[Result "0-1"]
[WhiteElo "1302"]
[BlackElo "1593"]
[PlyCount "26"]
[EventDate "2018.??.??"]
[EventType "tourn (corr)"]
[EventRounds "5"]
[SourceTitle "Corr 2022"]
[Source "ChessBase"]
[SourceDate "2021.10.24"]
[SourceVersion "1"]
[SourceVersionDate "2021.10.24"]
[SourceQuality "1"]

1. e4 c5 2. Nf3 Nc6 3. d4 cxd4 4. Nxd4 g6 5. Nc3 Bg7 6. Be3 Nf6 7. f3 0-0 8. Qd2 d5 9. exd5 Nxd5 10. Nxd5 Qxd5 11. Nxc6 Qxc6 12. Bd3 Bxb2 13. Rb1 Bc3 0-1

[Event "FICGS class E 000209 email"]
[Site "FICGS email"]
[Date "2018.05.09"]
[Round "1"]
[White "Hadden, John"]
[Black "Kohut, Gregory"]
[Result "1-0"]
[WhiteElo "1290"]
[BlackElo "1593"]
[PlyCount "39"]
[EventDate "2018.??.??"]
[EventType "tourn (corr)"]
[EventRounds "5"]
[SourceTitle "Corr 2022"]
[Source "ChessBase"]
[SourceDate "2021.10.24"]
[SourceVersion "1"]
[SourceVersionDate "2021.10.24"]
[SourceQuality "1"]

1. d4 Nf6 2. Nf3 d5 3. Nc3 Bf5 4. Bg5 Nbd7 5. e3 e6 6. Bxf6 Nxf6 7. Bd3 Bxd3 8. Qxd3 a6 9. 0-0 c5 10. a3 cxd4 11. Nxd4 Be7 12. h3 0-0 13. b4 Qc7 14. Nce2 Rac8 15. Ng3 Bd6 16. Rac1 Bxg3 17. fxg3 Qxg3 18. Rf3 Qd6 19. c4 dxc4 20. Rxc4 1-0

[Event "FICGS class E 000207 email"]
[Site "FICGS email"]
[Date "2018.04.09"]
[Round "1"]
[White "Coggiola, Leandro Damian"]
[Black "Kohut, Gregory"]
[Result "1-0"]
[WhiteElo "1268"]
[BlackElo "1503"]
[PlyCount "49"]
[EventDate "2018.??.??"]
[EventType "tourn (corr)"]
[EventRounds "5"]
[SourceTitle "Corr 2022"]
[Source "ChessBase"]
[SourceDate "2021.10.24"]
[SourceVersion "1"]
[SourceVersionDate "2021.10.24"]
[SourceQuality "1"]

1. e4 c5 2. Nf3 Nc6 3. d4 cxd4 4. Nxd4 g6 5. Be2 Bg7 6. Be3 Nf6 7. Nc3 0-0 8. 0-0 d5 9. exd5 Nxd5 10. Nxd5 Qxd5 11. Bf3 Qa5 12. Nxc6 bxc6 13. c3 Ba6 14. Bxc6 Rac8 15. Qf3 Bxf1 16. Rxf1 Qxa2 17. b4 Bxc3 18. b5 Bf6 19. Rd1 Rfd8 20. Re1 Rd3 21. Qg4 Rcd8 22. h4 Bd4 23. h5 Bxe3 24. fxe3 Qb3 25. Kf2 1-0

[Event "FICGS class E 000207 email"]
[Site "FICGS email"]
[Date "2018.04.09"]
[Round "1"]
[White "Kohut, Gregory"]
[Black "De la Foret, Fred"]
[Result "0-1"]
[WhiteElo "1503"]
[BlackElo "1373"]
[PlyCount "30"]
[EventDate "2018.??.??"]
[EventType "tourn (corr)"]
[EventRounds "5"]
[SourceTitle "Corr 2022"]
[Source "ChessBase"]
[SourceDate "2021.10.24"]
[SourceVersion "1"]
[SourceVersionDate "2021.10.24"]
[SourceQuality "1"]

1. e4 c5 2. Nf3 d6 3. d4 cxd4 4. Nxd4 Nf6 5. Nc3 a6 6. Bg5 e6 7. Qf3 Nbd7 8. 0-0-0 Be7 9. Be2 Qc7 10. Qg3 b5 11. a3 Bb7 12. Kb1 h6 13. Be3 Nxe4 14. Nxe4 Bxe4 15. Qxg7 Bf6 0-1

[Event "FICGS class E 000207 email"]
[Site "FICGS email"]
[Date "2018.04.09"]
[Round "1"]
[White "Kohut, Gregory"]
[Black "Wood, Brian"]
[Result "1-0"]
[WhiteElo "1503"]
[BlackElo "1221"]
[PlyCount "41"]
[EventDate "2018.??.??"]
[EventType "tourn (corr)"]
[EventRounds "5"]
[SourceTitle "Corr 2022"]
[Source "ChessBase"]
[SourceDate "2021.10.24"]
[SourceVersion "1"]
[SourceVersionDate "2021.10.24"]
[SourceQuality "1"]

1. d4 d5 2. c4 e6 3. Nf3 Nf6 4. Nc3 c6 5. e3 Nbd7 6. Qc2 g6 7. Bd3 dxc4 8. Bxc4 Bg7 9. 0-0 0-0 10. e4 Qc7 11. h3 b6 12. Be3 Bb7 13. Rac1 a6 14. e5 Nd5 15. Bxd5 cxd5 16. Nxd5 Qxc2 17. Ne7+ Kh8 18. Rxc2 Bxf3 19. gxf3 f5 20. Rc7 Rfd8 21. Rfc1 1-0

[Event "FICGS class E 000206 email"]
[Site "FICGS email"]
[Date "2018.03.16"]
[Round "1"]
[White "De la Foret, Fred"]
[Black "Kohut, Gregory"]
[Result "1-0"]
[WhiteElo "1373"]
[BlackElo "1503"]
[PlyCount "49"]
[EventDate "2018.??.??"]
[EventType "tourn (corr)"]
[EventRounds "5"]
[SourceTitle "Corr 2022"]
[Source "ChessBase"]
[SourceDate "2021.10.24"]
[SourceVersion "1"]
[SourceVersionDate "2021.10.24"]
[SourceQuality "1"]

1. d4 Nf6 2. Nf3 e6 3. c4 b6 4. e3 d5 5. Nc3 Bb7 6. b3 Be7 7. cxd5 Nxd5 8. Nxd5 Bxd5 9. Bb5+ c6 10. Bc4 0-0 11. Bb2 Bb4+ 12. Kf1 Nd7 13. h4 Be7 14. Kg1 b5 15. Bd3 f5 16. h5 a5 17. Qe2 a4 18. Rc1 axb3 19. axb3 Ra6 20. e4 fxe4 21. Bxe4 Nf6 22. Bb1 Ng4 23. Rf1 Bd6 24. Bc1 Ra7 25. Rh3 1-0

[Event "FICGS class E 000205 email"]
[Site "FICGS email"]
[Date "2018.02.28"]
[Round "1"]
[White "De la Foret, Fred"]
[Black "Kohut, Gregory"]
[Result "1-0"]
[WhiteElo "1284"]
[BlackElo "1468"]
[PlyCount "129"]
[EventDate "2018.??.??"]
[EventType "tourn (corr)"]
[EventRounds "5"]
[SourceTitle "Corr 2022"]
[Source "ChessBase"]
[SourceDate "2021.10.24"]
[SourceVersion "1"]
[SourceVersionDate "2021.10.24"]
[SourceQuality "1"]

1. d4 Nf6 2. c4 e6 3. Nf3 d5 4. Nc3 c5 5. cxd5 cxd4 6. Qxd4 exd5 7. Bg5 Nc6 8. Bxf6 Nxd4 9. Bxd8 Nc2+ 10. Kd2 Nxa1 11. Bc7 Bb4 12. e3 Nb3+ 13. axb3 0-0 14. Bd3 Be6 15. Ra1 a6 16. Nd4 Rac8 17. Ba5 Bc5 18. Nce2 Bd6 19. Nf5 Bxf5 20. Bxf5 Rb8 21. Bg4 b6 22. Bc3 a5 23. Bxa5 bxa5 24. Kc2 Bb4 25. Nc3 Rbd8 26. Rd1 Bxc3 27. bxc3 Rd6 28. Ra1 Ra8 29. Ra4 Kf8 30. Bf3 Ra7 31. Rd4 Rad7 32. Ra4 Ra6 33. h4 Ke7 34. h5 Raa7 35. Kd3 Ke6 36. Kd4 f5 37. g4 g6 38. hxg6 hxg6 39. g5 Ra6 40. b4 Rdd6 41. bxa5 Ra7 42. Be2 Rd8 43. a6 Kd6 44. Rb4 Kc6 45. Bb5+ Kd6 46. Be2 Kc6 47. Bb5+ Kd6 48. Bd3 Kc6 49. Bf1 Rc7 50. Bg2 Ra7 51. Rc4+ Kd7 52. Ra4 Ke6 53. Kc5 Rdd7 54. Kb6 Ke7 55. Ra5 Ra8 56. Bxd5 Rd6+ 57. Bc6 Rc8 58. Re5+ Kf7 59. Rc5 Rd2 60. Bd5+ Rxd5 61. Rxc8 Rd2 62. a7 Rb2+ 63. Kc6 Ra2 64. a8Q Rxa8 65. Rxa8 1-0

[Event "FICGS class E 000205 email"]
[Site "FICGS email"]
[Date "2018.02.28"]
[Round "1"]
[White "Kohut, Gregory"]
[Black "Archip, Laurentiu"]
[Result "1-0"]
[WhiteElo "1468"]
[BlackElo "1451"]
[PlyCount "73"]
[EventDate "2018.??.??"]
[EventType "tourn (corr)"]
[EventRounds "5"]
[SourceTitle "Corr 2022"]
[Source "ChessBase"]
[SourceDate "2021.10.24"]
[SourceVersion "1"]
[SourceVersionDate "2021.10.24"]
[SourceQuality "1"]

1. d4 d5 2. c4 dxc4 3. Nf3 Nf6 4. e3 Bg4 5. Bxc4 e6 6. Qb3 Bxf3 7. gxf3 b6 8. Nc3 Be7 9. 0-0 0-0 10. Bd2 Nc6 11. Be2 Nd5 12. Nxd5 exd5 13. Rac1 Nb8 14. Bd3 Bd6 15. e4 Qh4 16. e5 Be7 17. Qxd5 c6 18. Qe4 f5 19. Qxh4 Bxh4 20. f4 Be7 21. Be3 Rc8 22. Bxf5 Rd8 23. Be4 a6 24. Bxc6 Nxc6 25. Rxc6 b5 26. Rfc1 b4 27. Rc7 Bf8 28. Kg2 a5 29. Kf3 a4 30. Ke4 a3 31. b3 h5 32. d5 Ra5 33. d6 Kh7 34. Rc8 Ra8 35. Rxa8 Rxa8 36. Rc4 Rb8 37. Bc5 1-0

[Event "FICGS class E 000202 email"]
[Site "FICGS email"]
[Date "2017.12.31"]
[Round "1"]
[White "McDonagh, Michael"]
[Black "Kohut, Gregory"]
[Result "0-1"]
[WhiteElo "1510"]
[BlackElo "1445"]
[PlyCount "20"]
[EventDate "2017.??.??"]
[EventType "tourn (corr)"]
[EventRounds "5"]
[SourceTitle "Corr 2022"]
[Source "ChessBase"]
[SourceDate "2021.10.24"]
[SourceVersion "1"]
[SourceVersionDate "2021.10.24"]
[SourceQuality "1"]

1. c4 e5 2. Nc3 Nf6 3. Nf3 Nc6 4. e3 Bb4 5. Qc2 0-0 6. Nd5 Re8 7. Qf5 d6 8. Nxf6+ gxf6 9. Qc2 e4 10. Ng1 d5 0-1

[Event "FICGS class E 000201 email"]
[Site "FICGS email"]
[Date "2017.12.05"]
[Round "1"]
[White "Kohut, Gregory"]
[Black "Leurette, Marc Antoine"]
[Result "1-0"]
[WhiteElo "1445"]
[BlackElo "1183"]
[PlyCount "59"]
[EventDate "2017.??.??"]
[EventType "tourn (corr)"]
[EventRounds "5"]
[SourceTitle "Corr 2022"]
[Source "ChessBase"]
[SourceDate "2021.10.24"]
[SourceVersion "1"]
[SourceVersionDate "2021.10.24"]
[SourceQuality "1"]

1. e4 e5 2. Nf3 Nc6 3. Bb5 Nf6 4. 0-0 Bc5 5. Nxe5 a6 6. Bxc6 dxc6 7. d3 Be6 8. Nc3 Bd4 9. Nf3 c5 10. Ne2 0-0 11. Nfxd4 cxd4 12. Bg5 h6 13. Bh4 c5 14. e5 g5 15. Bxg5 hxg5 16. exf6 Qxf6 17. Ng3 Qg6 18. f4 f5 19. Qf3 b5 20. Rae1 Bxa2 21. b3 c4 22. bxc4 b4 23. fxg5 b3 24. cxb3 Bxb3 25. Qd5+ Kh7 26. Re7+ Kh8 27. Qe5+ Kg8 28. Nxf5 Qxg5 29. Rg7+ Qxg7 30. Qxg7# 1-0

[Event "FICGS class E 000201 email"]
[Site "FICGS email"]
[Date "2017.12.05"]
[Round "1"]
[White "Lubas, Jozef"]
[Black "Kohut, Gregory"]
[Result "1-0"]
[WhiteElo "1499"]
[BlackElo "1445"]
[PlyCount "71"]
[EventDate "2017.??.??"]
[EventType "tourn (corr)"]
[EventRounds "5"]
[SourceTitle "Corr 2022"]
[Source "ChessBase"]
[SourceDate "2021.10.24"]
[SourceVersion "1"]
[SourceVersionDate "2021.10.24"]
[SourceQuality "1"]

1. e4 c5 2. Nf3 Nc6 3. d4 cxd4 4. Nxd4 g6 5. c4 Nf6 6. Nc3 d6 7. f3 Bg7 8. Be3 0-0 9. Be2 Nxd4 10. Bxd4 Qa5 11. 0-0 Be6 12. f4 Rac8 13. b3 a6 14. Kh1 Rfd8 15. Rb1 Re8 16. a4 Qc7 17. Qd2 Qa5 18. Qe3 Ng4 19. Bxg4 Bxd4 20. Qxd4 Bxg4 21. f5 Bh5 22. f6 e6 23. Qd2 Kh8 24. e5 d5 25. Qh6 Rg8 26. cxd5 exd5 27. e6 fxe6 28. Rbe1 Qxc3 29. Rc1 Qd3 30. f7 Rgf8 31. Qg5 Qd4 32. Rxc8 Rxc8 33. Qh6 Qg7 34. f8Q+ Rxf8 35. Rxf8+ Qxf8 36. Qxf8# 1-0

[Event "FICGS class E 000200 email"]
[Site "FICGS email"]
[Date "2017.09.13"]
[Round "1"]
[White "Hilbert, Stephan"]
[Black "Kohut, Gregory"]
[Result "0-1"]
[WhiteElo "1501"]
[BlackElo "1445"]
[PlyCount "86"]
[EventDate "2017.??.??"]
[EventType "tourn (corr)"]
[EventRounds "5"]
[SourceTitle "Corr 2022"]
[Source "ChessBase"]
[SourceDate "2021.10.24"]
[SourceVersion "1"]
[SourceVersionDate "2021.10.24"]
[SourceQuality "1"]

1. e4 c5 2. b4 cxb4 3. a3 e6 4. axb4 Bxb4 5. c3 Ba5 6. d4 d5 7. e5 Ne7 8. Bd3 Nbc6 9. Nf3 0-0 10. Bxh7+ Kxh7 11. Ng5+ Kg8 12. Qh5 Re8 13. Qh7+ Kf8 14. Qh8+ Ng8 15. Nh7+ Ke7 16. Bg5+ Nf6 17. Qxg7 Kd7 18. Nxf6+ Kc7 19. Qxf7+ Bd7 20. Nxd5+ exd5 21. Bxd8+ Raxd8 22. 0-0 Kb8 23. Qxd5 Be6 24. Qe4 Rg8 25. g3 Bd5 26. Qd3 Bb6 27. Nd2 Be6 28. Rfb1 Rd7 29. Rxb6 axb6 30. Nc4 Bxc4 31. Qxc4 Rgd8 32. Qb3 Kc7 33. Rb1 Kb8 34. Qxb6 Kc8 35. f4 Re8 36. d5 Nxe5 37. fxe5 Rxe5 38. Qa7 Rc7 39. d6 Rxc3 40. Rxb7 Rc1+ 41. Kf2 Rc2+ 42. Kf3 Rc3+ 43. Kf4 Re4+ 0-1

[Event "FICGS class E 000200 email"]
[Site "FICGS email"]
[Date "2017.09.13"]
[Round "1"]
[White "Jacobs, Francois"]
[Black "Kohut, Gregory"]
[Result "0-1"]
[WhiteElo "1361"]
[BlackElo "1445"]
[PlyCount "28"]
[EventDate "2017.??.??"]
[EventType "tourn (corr)"]
[EventRounds "5"]
[SourceTitle "Corr 2022"]
[Source "ChessBase"]
[SourceDate "2021.10.24"]
[SourceVersion "1"]
[SourceVersionDate "2021.10.24"]
[SourceQuality "1"]

1. e4 c5 2. Nc3 Nc6 3. f4 g6 4. Nf3 Bg7 5. Bb5 a6 6. Bxc6 bxc6 7. 0-0 Nf6 8. d3 0-0 9. Qe1 Rb8 10. Qh4 d6 11. f5 gxf5 12. Bh6 Bxh6 13. Qxh6 Ng4 14. Qh5 f6 0-1

[Event "FICGS class E 000200 email"]
[Site "FICGS email"]
[Date "2017.09.13"]
[Round "1"]
[White "Kohut, Gregory"]
[Black "Plunkett, Louis"]
[Result "1-0"]
[WhiteElo "1445"]
[BlackElo "1536"]
[PlyCount "61"]
[EventDate "2017.??.??"]
[EventType "tourn (corr)"]
[EventRounds "5"]
[SourceTitle "Corr 2022"]
[Source "ChessBase"]
[SourceDate "2021.10.24"]
[SourceVersion "1"]
[SourceVersionDate "2021.10.24"]
[SourceQuality "1"]

1. d4 d5 2. c4 Nf6 3. cxd5 Qxd5 4. Nc3 Qd8 5. e4 e6 6. Nf3 Bb4 7. Bd3 0-0 8. 0-0 h6 9. a3 Be7 10. Qe2 Ne8 11. e5 f5 12. exf6 Nxf6 13. Re1 Nc6 14. Be3 Ng4 15. h3 Nf6 16. Bc2 Nd5 17. Qd3 Nf6 18. Bxh6 Qe8 19. Bf4 Bd6 20. Bxd6 cxd6 21. d5 Ne5 22. Nxe5 dxe5 23. Rxe5 Qf7 24. Rae1 Re8 25. Qe3 Bd7 26. dxe6 Bxe6 27. Rxe6 Rxe6 28. Qxe6 Qxe6 29. Rxe6 Rd8 30. Bb3 Rd2 31. Re2+ 1-0